000 00546cam a2200145 4500500
005 20260208002339.0
041 _afre
042 _adc
100 1 0 _aAltglas, Véronique
_eauthor
245 0 0 _aRevue Diogène, janvier 2003, 396: Chamanismes. Sous la direction de Roberte Hamayon Paris, PUF, 2003, 311 p., bibl. (« Quadrige »)
260 _c2005.
500 _a67
786 0 _nL'Homme | 174 | 2 | 2005-06-01 | p. 277a-329a | 0439-4216
856 4 1 _uhttps://shs.cairn.info/revue-l-homme-2005-2-page-277a?lang=fr&redirect-ssocas=7080
999 _c1645948
_d1645948